Statistics for 50 Most Populous USA Cities

Click here to take the quiz!

General Stats

  • This quiz has been taken 190 times
  • The average score is 38 of 50

Answer Stats

Answer% Correct
Los Angeles
98%
New York City
98%
Chicago
95%
Houston
94%
San Francisco
94%
Boston
92%
Philadelphia
92%
Dallas
91%
San Diego
91%
Seattle
91%
Atlanta
90%
Phoenix
90%
Miami
89%
San Antonio
88%
Washington
88%
Denver
87%
Portland
87%
Austin
85%
Detroit
85%
Minneapolis
82%
Indianapolis
81%
New Orleans
81%
Las Vegas
80%
Baltimore
79%
San Jose
79%
Columbus
78%
Jacksonville
78%
Kansas City
78%
Memphis
78%
Nashville
78%
Oklahoma City
78%
Charlotte
75%
Sacramento
75%
Milwaukee
74%
El Paso
67%
Albuquerque
65%
Louisville
65%
Fort Worth
62%
Raleigh
62%
Oakland
59%
Omaha
59%
Tucson
58%
Fresno
56%
Tulsa
56%
Virginia Beach
53%
Colorado Springs
50%
Long Beach
49%
Wichita
44%
Mesa
42%
Arlington
40%

Score Distribution

Percentile by Number Answered

Percent of People with Each Score

Your Score History

You have not taken this quiz